چپ (Record no. 3174)

MARC details
000 -LEADER
fixed length control field 01796 a2200325 4500
005 - DATE AND TIME OF LATEST TRANSACTION
control field 2008082706056.0
008 - FIXED-LENGTH DATA ELEMENTS--GENERAL INFORMATION
fixed length control field 080827t xxu||||| |||| 00| 1 ur d
010 ## - LCCN (DPL NO)
LC control number UR-7318
020 ## - INTERNATIONAL STANDARD BOOK NUMBER
Terms of availability 160.00
International Standard Book Number 8188508152
035 ## - SYSTEM CONTROL NUMBER
System control number U-5873
037 ## - SOURCE OF ACQUISITION
Source of stock number/acquisition D.B.Act / Pub
082 ## - DEWEY DECIMAL CLASSIFICATION NUMBER
Classification number ن
100 ## - MAIN ENTRY--PERSONAL NAME
Personal name بشری رحمن
245 ## - TITLE STATEMENT
Title چپ
Statement of responsibility, etc بشری رحمن
Remainder of title افسا نے
246 ## - VARYING FORM OF TITLE
Title proper/short title Chup (Short story)
Remainder of title byBushra Rehman
260 ## - PUBLICATION, DISTRIBUTION, ETC. (IMPRINT)
Place of publication, distribution, etc نئ دھلی‎
Name of publisher, distributor, etc آہلو واليہ بک ڈپو
Date of publication, distribution, etc 2006
260 ## - PUBLICATION, DISTRIBUTION, ETC. (IMPRINT)
Place of publication, distribution, etc نئ دھلی
Name of publisher, distributor, etc Himanshu Publication,
Date of publication, distribution, etc 2006
270 ## - ADDRESS
Address 9988،نيو روہتک روڈ،گلی نمبر 6،سر ا ۓ روہيلہ،پی او بوکس2507،
City نئ دھلی
Postal code 110005
270 ## - ADDRESS
Address F-u6, Pitam Pura,Vishakha Enclave,
City نئ دھلی
Postal code 110025
Telephone number 28715142
300 ## - PHYSICAL DESCRIPTION
Extent 168p
Other physical details 22cm (pbk)
650 ## - SUBJECT ADDED ENTRY--TOPICAL TERM
Topical term or geographic name as entry element ناول
650 ## - SUBJECT ADDED ENTRY--TOPICAL TERM
Topical term or geographic name as entry element Urdu fiction
942 ## - ADDED ENTRY ELEMENTS (KOHA)
Institution code [OBSOLETE] dpl
Item type Urdu Bks
Call number prefix ن/ب ش ر
Source of classification or shelving scheme Dewey Decimal Classification
Classification part ک
Call number suffix ن/ب ش
Holdings
Withdrawn status Lost status Source of classification or shelving scheme Damaged status Not for loan Collection code Home library Current library Date acquired Cost, normal purchase price Total Checkouts Full call number Barcode Date last seen Copy number Cost, replacement price Koha item type
    Dewey Decimal Classification     Fiction Central Library Central Library 13/01/2009 160.00   ک ن/ب ش B-283916 13/01/2009 1 160.00 Urdu Bks
    Dewey Decimal Classification   Not For Loan Fiction D.B.Act.Division D.B.Act.Division 07/11/2008 160.00   ر ن/ب ش U-5873 15/09/2008 1 160.00 Urdu Bks
    Dewey Decimal Classification     Fiction Karol Bagh Karol Bagh 13/01/2009 160.00   ک ن/ب ش B-283919 13/01/2009 1 160.00 Urdu Bks
    Dewey Decimal Classification     Fiction Patel Nagar Patel Nagar 13/01/2009 160.00   ک ن/ب ش B-283917 13/01/2009 1 160.00 Urdu Bks
    Dewey Decimal Classification     Fiction Sarojini Nagar Sarojini Nagar 13/01/2009 160.00   ک ن/ب ش B-283918 13/01/2009 1 160.00 Urdu Bks
    Dewey Decimal Classification     Fiction Shahdara Branch Shahdara Branch 13/01/2009 160.00   ک ن/ب ش B-283920 13/01/2009 1 160.00 Urdu Bks

© Delhi Public Library
Hit Counter
free hit counter